000 00594nam a22001937a 4500
005 20141110141128.0
008 141110b xxu||||| |||| 00| 0 eng d
020 _a9789812729569
050 _aRC 266
_b.L279 2011
100 _aLanghorne, Martha E.
245 _aOncology nursing /
_cMartha E. Langhorne, Janet S. Fulton, and Shirley E. Otto.
250 _a5th ed.
260 _aSingapore :
_bMosby, Elsevier,
_cc2011.
300 _a790 pages :
_billustrations ;
_c26 cm.
521 _aNursing
650 _aCancer
_xNursing.
650 _aAmbulatory medical care.
942 _2lcc
_cBK
_kFOR
999 _c276759
_d276759